000 00293nam a2200121Ia 4500
005 20260328104337.0
008 260328s9999||||xx |||||||||||||| ||und||
100 _aJodidio, Philip
245 0 _aSantiago Calatrava /
_cPhilip Jodidio
300 _a175 p.
650 _aARQUITECTURA
942 _cBK
999 _c11962
_d11962